[Event "Shropshire op"]
[Site "Shropshire"]
[Date "2025.01.04"]
[Round "2"]
[White "Fleming, Nigel D"]
[Black "Paul, Nathanael"]
[Result "0-1"]
[WhiteElo "1878"]
[BlackElo "1987"]
[PlyCount "78"]
[EventDate "2025.01.03"]
[EventType "swiss"]
[EventRounds "5"]
[EventCountry "ENG"]
[SourceTitle "CB02_2025"]
[SourceDate "2025.01.08"]
[SourceVersion "1"]
[SourceVersionDate "2025.01.08"]
[SourceQuality "1"]

1. e4 c6 2. d4 d5 3. exd5 cxd5 4. Bd3 Nc6 5. c3 Qc7 6. Ne2 Bg4 7. 0-0 Nf6 8. Qe1 e6 9. Bg5 Bd6 10. f3 Bh5 11. Qh4 Bg6 12. Bxg6 fxg6 13. Bxf6 gxf6 14. Qxf6 Kd7 15. c4 Bxh2+ 16. Kh1 Raf8 17. Qh4 Bd6 18. cxd5 exd5 19. Nbc3 Rf5 20. g4 Rf7 21. Nxd5 Qa5 22. Nf6+ Kc8 23. Ne4 Bc7 24. Kg2 Kb8 25. a3 Qd5 26. Rac1 Nxd4 27. Rc5 Nxf3 28. Qf6 Ne1+ 29. Kg1 Rxf6 30. Rxd5 Bh2+ 31. Kxh2 Rxf1 32. Rd7 Rhf8 33. Nd4 R1f7 34. Nc5 Kc8 35. Rd5 Nf3+ 36. Nxf3 Rxf3 37. Ne6 Re8 38. Nd4 Rf2+ 39. Kg3 Rxb2 0-1

[Event "ENG-ch Chessable"]
[Site "Kenilworth"]
[Date "2023.05.26"]
[Round "2"]
[White "Turner, Lewis A"]
[Black "Paul, Nathanael"]
[Result "0-1"]
[WhiteElo "1807"]
[BlackElo "2004"]
[PlyCount "140"]
[EventDate "2023.05.26"]
[EventType "swiss"]
[EventRounds "7"]
[EventCountry "ENG"]
[SourceTitle "CBM 214 Extra"]
[Source "ChessBase"]
[SourceDate "2023.07.31"]
[SourceVersion "1"]
[SourceVersionDate "2023.07.31"]
[SourceQuality "1"]

1. e4 c6 2. d4 d5 3. e5 Bf5 4. h4 h5 5. Bd3 Bxd3 6. Qxd3 Qa5+ 7. Nd2 e6 8. Ngf3 Nh6 9. 0-0 Nf5 10. c4 Be7 11. g3 Na6 12. cxd5 Qxd5 13. a3 0-0 14. Ne4 c5 15. Nc3 Qd7 16. d5 f6 17. Rd1 Rad8 18. d6 Qc6 19. Qe2 Bxd6 20. exd6 Rxd6 21. Rxd6 Qxd6 22. Bf4 e5 23. Be3 Nd4 24. Bxd4 cxd4 25. Ne4 Qc6 26. Nfd2 Rc8 27. Qxh5 Nc7 28. Qg4 Rf8 29. Qe2 b5 30. Qd1 Ne6 31. Rc1 Qb6 32. Qb3 Kh8 33. Qf3 Nc7 34. Ng5 Kg8 35. Nh3 Rf7 36. Kh2 Qe6 37. Qd3 a6 38. Ne4 Qa2 39. Nd6 Re7 40. Nf5 Rd7 41. Rc2 Qd5 42. f3 g6 43. Nh6+ Kg7 44. Ng4 Ne6 45. b4 a5 46. Qd2 axb4 47. Qh6+ Kf7 48. Qh7+ Ng7 49. Nh6+ Ke6 50. axb4 d3 51. Qg8+ Kd6 52. Qb8+ Ke6 53. Rd2 Qxf3 54. Qg8+ Kd6 55. Qf8+ Kc7 56. Qc5+ Kd8 57. Qf2 Qc6 58. Ng4 Nf5 59. Qc5 Qxc5 60. bxc5 e4 61. Nxf6 e3 62. Nxd7 e2 63. Rxd3 e1Q 64. Nf4 Qf2+ 65. Kh3 Ne3 66. Nb6+ Ke8 67. Rxe3+ Qxe3 68. Nbd5 Qxc5 69. Nf6+ Kf7 70. Ng4 Qf5 0-1

[Event "Checkmate Covid Rematch"]
[Site "Chess.com INT"]
[Date "2021.06.06"]
[Round "?"]
[White "Arkell, Keith C"]
[Black "Paul, Nathanael"]
[Result "1-0"]
[WhiteElo "2381"]
[BlackElo "1993"]
[PlyCount "125"]
[EventDate "2021.06.05"]
[EventType "swiss (blitz)"]
[EventRounds "20"]
[EventCountry "ENG"]
[SourceTitle "CBM 202 Extra"]
[Source "ChessBase"]
[SourceDate "2021.07.31"]
[SourceVersion "1"]
[SourceVersionDate "2021.07.31"]
[SourceQuality "1"]

1. d4 d5 2. Nf3 Nf6 3. c4 Nc6 4. cxd5 Nxd5 5. Nc3 e5 6. e4 Nxc3 7. bxc3 exd4 8. cxd4 Bb4+ 9. Bd2 0-0 10. Bxb4 Nxb4 11. Be2 Bg4 12. 0-0 Bxf3 13. Bxf3 c6 14. Rb1 Qa5 15. Qd2 c5 16. dxc5 Nc6 17. Qxa5 Nxa5 18. Rb5 b6 19. cxb6 axb6 20. Rxb6 Nc4 21. Rb4 Nd2 22. Ra1 Nxf3+ 23. gxf3 Ra3 24. Kg2 Rfa8 25. Rb7 g6 26. Rc1 Rxa2 27. Rcc7 Rf8 28. e5 Re2 29. f4 Re1 30. h4 h5 31. Re7 Re2 32. Ra7 Re1 33. Kf3 Rh1 34. e6 Rxh4 35. Rxf7 Rxf7 36. Rxf7 Rh1 37. Rf6 Kg7 38. Rf7+ Kg8 39. f5 gxf5 40. Kf4 Rf1 41. f3 h4 42. Rxf5 h3 43. Rh5 Rh1 44. Kf5 h2 45. f4 Kg7 46. Rh3 Kg8 47. Rg3+ Kf8 48. Rg2 Ke7 49. Rg7+ Kf8 50. Rh7 Kg8 51. Rh3 Kg7 52. Rh4 Kg8 53. Kf6 Rf1 54. Rxh2 Rxf4+ 55. Ke7 Rg4 56. Rf2 Rg1 57. Ke8 Re1 58. Rg2+ Kh7 59. e7 Rf1 60. Rd2 Kg7 61. Kd7 Rf7 62. Kd8 Kf6 63. e8Q 1-0

[Event "Checkmate Covid Rematch"]
[Site "Chess.com INT"]
[Date "2021.06.06"]
[Round "?"]
[White "Paul, Nathanael"]
[Black "Arkell, Keith C"]
[Result "0-1"]
[WhiteElo "1993"]
[BlackElo "2381"]
[PlyCount "60"]
[EventDate "2021.06.05"]
[EventType "swiss (blitz)"]
[EventRounds "20"]
[EventCountry "ENG"]
[SourceTitle "CBM 202 Extra"]
[Source "ChessBase"]
[SourceDate "2021.07.31"]
[SourceVersion "1"]
[SourceVersionDate "2021.07.31"]
[SourceQuality "1"]

1. d4 e6 2. Bf4 c5 3. dxc5 Bxc5 4. Nc3 Nf6 5. e3 0-0 6. Bd3 a6 7. g4 g6 8. h4 b5 9. h5 Bb7 10. Rh2 Re8 11. hxg6 hxg6 12. g5 e5 13. gxf6 exf4 14. Qg4 Qxf6 15. 0-0-0 fxe3 16. fxe3 Bxe3+ 17. Kb1 Nc6 18. Rf1 Qg7 19. Nd5 Ne5 20. Qh3 Bxd5 21. Qxe3 Ng4 22. Qh3 Nxh2 23. Qxh2 Be4 24. Ne2 Bxd3 25. cxd3 Re3 26. Nf4 Rae8 27. Nd5 Re1+ 28. Rxe1 Rxe1+ 29. Kc2 Qe5 30. Nf6+ Qxf6 0-1

[Event "Checkmate Covid Rematch"]
[Site "Chess.com INT"]
[Date "2021.06.06"]
[Round "?"]
[White "Paul, Nathanael"]
[Black "Graff, Ben"]
[Result "0-1"]
[WhiteElo "1993"]
[BlackElo "1867"]
[PlyCount "50"]
[EventDate "2021.06.05"]
[EventType "swiss (blitz)"]
[EventRounds "20"]
[EventCountry "ENG"]
[SourceTitle "CBM 202 Extra"]
[Source "ChessBase"]
[SourceDate "2021.07.31"]
[SourceVersion "1"]
[SourceVersionDate "2021.07.31"]
[SourceQuality "1"]

1. e4 e6 2. d4 d5 3. Nc3 dxe4 4. Nxe4 Bd7 5. Bd3 Bc6 6. Nf3 Nd7 7. 0-0 Ngf6 8. Qe2 Be7 9. c3 Nxe4 10. Bxe4 Bxe4 11. Qxe4 c6 12. Ne5 Nxe5 13. dxe5 Qd5 14. Re1 Rd8 15. Bf4 Qxe4 16. Rxe4 0-0 17. Kf1 Rd5 18. c4 Rd3 19. Ke2 Rfd8 20. Re3 R3d4 21. Bg3 Rxc4 22. Rd1 Rc2+ 23. Ke1 Rxd1+ 24. Kxd1 Rxb2 25. Ra3 Bxa3 0-1

[Event "Checkmate Covid Rematch"]
[Site "Chess.com INT"]
[Date "2021.06.06"]
[Round "?"]
[White "Paul, Nathanael"]
[Black "Royal, Shreyas"]
[Result "1-0"]
[WhiteElo "1993"]
[BlackElo "2121"]
[PlyCount "61"]
[EventDate "2021.06.05"]
[EventType "swiss (blitz)"]
[EventRounds "20"]
[EventCountry "ENG"]
[SourceTitle "CBM 202 Extra"]
[Source "ChessBase"]
[SourceDate "2021.07.31"]
[SourceVersion "1"]
[SourceVersionDate "2021.07.31"]
[SourceQuality "1"]

1. e4 e5 2. Nf3 Nc6 3. Bb5 a6 4. Ba4 Nf6 5. d3 b5 6. Bb3 Be7 7. 0-0 d6 8. c3 Bg4 9. h3 Bh5 10. g4 Bg6 11. Re1 0-0 12. Nbd2 d5 13. Qe2 b4 14. exd5 Nxd5 15. Nxe5 Nf4 16. Qf3 Nxe5 17. Rxe5 Nxd3 18. Rd5 Qc8 19. Rxd3 Bxd3 20. Qxd3 bxc3 21. bxc3 Rd8 22. Qe2 Bg5 23. Nf3 Bxc1 24. Rxc1 Rd6 25. Ne5 Rf6 26. Qc4 Qe8 27. Re1 Qb5 28. Qxc7 Rf8 29. Nd7 Rc6 30. Qf4 Rd8 31. Qxf7+ 1-0

[Event "Checkmate Covid Rematch"]
[Site "Chess.com INT"]
[Date "2021.06.06"]
[Round "?"]
[White "Royal, Shreyas"]
[Black "Paul, Nathanael"]
[Result "1-0"]
[WhiteElo "2121"]
[BlackElo "1993"]
[PlyCount "97"]
[EventDate "2021.06.05"]
[EventType "swiss (blitz)"]
[EventRounds "20"]
[EventCountry "ENG"]
[SourceTitle "CBM 202 Extra"]
[Source "ChessBase"]
[SourceDate "2021.07.31"]
[SourceVersion "1"]
[SourceVersionDate "2021.07.31"]
[SourceQuality "1"]

1. d4 f5 2. Nc3 Nf6 3. Bg5 e6 4. e4 fxe4 5. Nxe4 Be7 6. Bxf6 Bxf6 7. Qh5+ g6 8. Qh6 Qe7 9. 0-0-0 Bg7 10. Qd2 b6 11. Nf3 Bb7 12. Bd3 Nc6 13. c3 0-0-0 14. Kb1 Kb8 15. h4 Rdf8 16. h5 d5 17. Ng3 e5 18. dxe5 Nxe5 19. Nxe5 Qxe5 20. hxg6 hxg6 21. Bxg6 Qf6 22. Bf5 Bh6 23. Qc2 Bf4 24. Bd3 Rhg8 25. Nh5 Qg5 26. g3 Bd6 27. f4 Qg4 28. Be2 Qd7 29. Rhf1 Qf7 30. g4 Bc8 31. f5 c6 32. c4 Bb7 33. cxd5 cxd5 34. Nf4 Rc8 35. Qd2 Bc5 36. Ne6 Be7 37. Qf4+ Ka8 38. Nc7+ Rxc7 39. Qxc7 Qf6 40. Rfe1 Bb4 41. Rf1 Rc8 42. Qf4 Qc6 43. Rc1 Bc5 44. b4 Qd6 45. Qxd6 Bxd6 46. Rxc8+ Bxc8 47. f6 Be6 48. f7 Bf8 49. g5 1-0

[Event "Checkmate Covid Rematch"]
[Site "Chess.com INT"]
[Date "2021.06.06"]
[Round "?"]
[White "Shearsby, Jude"]
[Black "Paul, Nathanael"]
[Result "1-0"]
[WhiteElo "1673"]
[BlackElo "1993"]
[PlyCount "47"]
[EventDate "2021.06.05"]
[EventType "swiss (blitz)"]
[EventRounds "20"]
[EventCountry "ENG"]
[SourceTitle "CBM 202 Extra"]
[Source "ChessBase"]
[SourceDate "2021.07.31"]
[SourceVersion "1"]
[SourceVersionDate "2021.07.31"]
[SourceQuality "1"]

1. e4 c5 2. Nf3 Nc6 3. Bb5 g6 4. d3 Bg7 5. Bxc6 dxc6 6. 0-0 e5 7. Be3 b6 8. Nc3 Ne7 9. Qd2 0-0 10. Bh6 Bg4 11. Bxg7 Kxg7 12. Nxe5 Be6 13. f4 f6 14. Nf3 a5 15. e5 Nf5 16. exf6+ Qxf6 17. Ne5 Nd4 18. Ne4 Qe7 19. c3 Nf5 20. Nxc6 Qc7 21. Ne5 Rad8 22. Ng5 Bd5 23. c4 Ba8 24. Ne6+ 1-0

[Event "Checkmate Covid Rematch"]
[Site "Chess.com INT"]
[Date "2021.06.06"]
[Round "?"]
[White "Shepley, Julien M"]
[Black "Paul, Nathanael"]
[Result "0-1"]
[WhiteElo "1913"]
[BlackElo "1993"]
[PlyCount "92"]
[EventDate "2021.06.05"]
[EventType "swiss (blitz)"]
[EventRounds "20"]
[EventCountry "ENG"]
[SourceTitle "CBM 202 Extra"]
[Source "ChessBase"]
[SourceDate "2021.07.31"]
[SourceVersion "1"]
[SourceVersionDate "2021.07.31"]
[SourceQuality "1"]

1. e4 c5 2. Nf3 Nc6 3. Nc3 g6 4. d4 cxd4 5. Nxd4 Bg7 6. Be3 e6 7. Qd2 a6 8. a4 Nge7 9. Bc4 0-0 10. f3 Ne5 11. Bb3 d5 12. 0-0 b6 13. Rad1 Bb7 14. exd5 Nxd5 15. Nxd5 Bxd5 16. Bxd5 Qxd5 17. b3 Rfd8 18. Ne2 Qxd2 19. Rxd2 Rxd2 20. Bxd2 b5 21. axb5 axb5 22. Be3 Nc6 23. Rd1 Kf8 24. Bc5+ Ke8 25. Kf2 Ra2 26. Rd2 Na5 27. Bd4 Bh6 28. Be3 Bg7 29. Nd4 Bxd4 30. Bxd4 Nxb3 31. Rd3 Rxc2+ 32. Kg3 Nxd4 33. Rxd4 Rc4 34. Rd6 b4 35. Rb6 Ke7 36. h4 h5 37. Kf2 f5 38. g3 Kf6 39. Kg2 Rc2+ 40. Kh3 Ke5 41. Rxb4 Rf2 42. f4+ Kd5 43. Rb7 Ke4 44. Rg7 Kf3 45. Rxg6 Rf1 46. Rxe6 Rh1# 0-1

[Event "Checkmate Covid Rematch"]
[Site "Chess.com INT"]
[Date "2021.06.06"]
[Round "?"]
[White "Svidler, Peter"]
[Black "Paul, Nathanael"]
[Result "1-0"]
[WhiteElo "2714"]
[BlackElo "1993"]
[PlyCount "51"]
[EventDate "2021.06.05"]
[EventType "swiss (blitz)"]
[EventRounds "20"]
[EventCountry "ENG"]
[SourceTitle "CBM 202 Extra"]
[Source "ChessBase"]
[SourceDate "2021.07.31"]
[SourceVersion "1"]
[SourceVersionDate "2021.07.31"]
[SourceQuality "1"]

1. e4 c6 2. Nf3 d5 3. d3 g6 4. Nbd2 Bg7 5. g3 h5 6. Bg2 Nd7 7. 0-0 Nh6 8. Re1 0-0 9. d4 dxe4 10. Nxe4 Nf5 11. c3 Nf6 12. Bg5 Nd5 13. Qc2 Re8 14. Rad1 Qc7 15. c4 Nb6 16. Bf4 Qd8 17. b3 e6 18. Ne5 Nd7 19. Ng5 Rf8 20. Nexf7 Rxf7 21. Nxe6 Qa5 22. d5 Nc5 23. Nxg7 Rxg7 24. Re8+ Kh7 25. Be5 Rf7 26. Rh8# 1-0